书目信息 |
| 题名: |
房地产测绘
|
|
| 作者: | 李保平 , 郭玉社 主编 | |
| 分册: | ||
| 出版信息: | 郑州 黄河水利出版社 2007.08 |
|
| 页数: | 167页 | |
| 开本: | 24cm | |
| 丛书名: | ||
| 单 册: | ||
| 中图分类: | TU198 | |
| 科图分类: | ||
| 主题词: | 建筑测量 , 建筑测量--建筑制图 | |
| 电子资源: | ||
| ISBN: | 978-7-80734-221-2 | |
| 000 | 00696 nam 000253 | |
| 001 | 1145584101 | |
| 005 | 20111213123142.98 | |
| 010 | @a978-7-80734-221-2@dCNY20.00 | |
| 100 | @a20091013d2007 em y0chiy0121 ea | |
| 101 | @achi | |
| 102 | @aCN@b410000 | |
| 105 | @ay z 000yy | |
| 200 | 10 | @a房地产测绘@9fang di chan ce hui@f李保平主编@Fli bao ping zhu bian |
| 210 | @a郑州@c黄河水利出版社@d2007.08 | |
| 215 | @a167页@d24cm | |
| 540 | @a房地产测绘 | |
| 606 | 0 | @a建筑测量 |
| 606 | @a建筑测量@x建筑制图 | |
| 690 | @aTU198@v4 | |
| 701 | 0 | @a李保平@Ali bao ping@4主编 |
| 701 | 0 | @a郭玉社@9guo yu she@4著 |
| 801 | @aCN@c20110915 | |
| 901 | @a209111 | |
| 905 | @b935491-93@dTU198@eL120@f3 | |
| 房地产测绘/李保平主编.-郑州:黄河水利出版社,2007.08 |
| 167页;24cm |
| ISBN 978-7-80734-221-2:CNY20.00 |
| ● |
| 相关链接 |
|
|
|
正题名:房地产测绘
索取号:TU198/L120
 
预约/预借
| 序号 | 登录号 | 条形码 | 馆藏地/架位号 | 状态 | 备注 |
| 1 | 461950 | 204619500 | 城院文库/ [索取号:TU198/L120] | 在馆 | |
| 2 | 462201 | 204622015 | 自科二线404/101建筑库 997排2列3层/ [索取号:TU198/L120] | 在馆 | |
| 3 | 462202 | 204622024 | 自科二线404/101建筑库 997排2列3层/ [索取号:TU198/L120] | 在馆 | |
| 4 | 462203 | 204622033 | 自科二线404/101建筑库 997排2列3层/ [索取号:TU198/L120] | 在馆 | |
| 5 | 462204 | 204622042 | 自科二线404/404自科库 3排4列4层/ [索取号:TU198/L120] | 在馆 | |
| 6 | 462205 | 204622051 | 自科二线404/404自科库 3排4列4层/ [索取号:TU198/L120] | 在馆 | |
| 7 | 462206 | 204622060 | 建筑库101/101建筑库 28排2列1层/ [索取号:TU198/L120] | 在馆 | |
| 8 | 462207 | 204622079 | 管理学院资料室/101建筑库 2排4列2层/ [索取号:TU198/L120] | 在馆 | |
| 9 | 462208 | 204622088 | 管理学院资料室/101建筑库 7排1列2层/ [索取号:TU198/L120] | 在馆 | |
| 10 | 462209 | 204622097 | 自科二线404/101建筑库 997排2列3层/ [索取号:TU198/L120] | 在馆 | |
| 11 | 466631 | 204666316 | 自科二线404/101建筑库 997排2列3层/ [索取号:TU198/L120] | 在馆 | |
| 12 | 470909 | 204709093 | 自科二线404/101建筑库 997排2列3层/ [索取号:TU198/L120] | 在馆 | |
| 13 | 470910 | 204709100 | 自科二线404/101建筑库 997排2列3层/ [索取号:TU198/L120] | 在馆 | |
| 14 | 470911 | 204709119 | 自科二线404/101建筑库 997排2列3层/ [索取号:TU198/L120] | 在馆 | |
| 15 | 470912 | 204709128 | 自科二线404/101建筑库 997排2列3层/ [索取号:TU198/L120] | 在馆 | |
| 16 | 470913 | 204709137 | 自科二线404/404自科库 3排3列5层/ [索取号:TU198/L120] | 在馆 | |
| 17 | 470914 | 204709146 | 建筑库101/101建筑库 28排2列1层/ [索取号:TU198/L120] | 在馆 | |
| 18 | 470915 | 204709155 | 管理学院资料室/101建筑库 2排4列2层/ [索取号:TU198/L120] | 在馆 | |
| 19 | 470916 | 204709164 | 自科二线404/101建筑库 997排2列3层/ [索取号:TU198/L120] | 在馆 | |
| 20 | 470917 | 204709173 | 自科二线404/101建筑库 997排2列3层/ [索取号:TU198/L120] | 在馆 | |
| 21 | 470918 | 204709182 | 自科二线404/101建筑库 997排2列3层/ [索取号:TU198/L120] | 在馆 |